<?xml version="1.0" encoding="UTF-8"?>
<record
    xmlns:xsi="http://www.w3.org/2001/XMLSchema-instance"
    xsi:schemaLocation="http://www.loc.gov/MARC21/slim http://www.loc.gov/standards/marcxml/schema/MARC21slim.xsd"
    xmlns="http://www.loc.gov/MARC21/slim">

  <leader>08413cam a22008777  4500</leader>
  <controlfield tag="001">17205287</controlfield>
  <controlfield tag="003">LIBRIS</controlfield>
  <controlfield tag="005">20260305134121.0</controlfield>
  <controlfield tag="007">cr |||   |||||         </controlfield>
  <controlfield tag="008">141128s2014    enk|||||o|||||000 0|eng|c</controlfield>
  <datafield tag="020" ind1=" " ind2=" ">
    <subfield code="a">9781472522542</subfield>
  </datafield>
  <datafield tag="020" ind1=" " ind2=" ">
    <subfield code="z">9781472522542</subfield>
  </datafield>
  <datafield tag="020" ind1=" " ind2=" ">
    <subfield code="z">1472586441</subfield>
  </datafield>
  <datafield tag="035" ind1=" " ind2=" ">
    <subfield code="a">(Au-PeEL)1794543</subfield>
  </datafield>
  <datafield tag="035" ind1=" " ind2=" ">
    <subfield code="a">(OCoLC)ocn893332635</subfield>
  </datafield>
  <datafield tag="035" ind1=" " ind2=" ">
    <subfield code="a">(ALMA)991001046178603631</subfield>
  </datafield>
  <datafield tag="035" ind1=" " ind2=" ">
    <subfield code="a">(ALMA)993615246003662</subfield>
  </datafield>
  <datafield tag="035" ind1=" " ind2=" ">
    <subfield code="a">(EBZ)ebs3979333e</subfield>
  </datafield>
  <datafield tag="035" ind1=" " ind2=" ">
    <subfield code="a">(EBZ)ebs3979333e</subfield>
  </datafield>
  <datafield tag="035" ind1=" " ind2=" ">
    <subfield code="a">(EBZ)ebs3979333e</subfield>
  </datafield>
  <datafield tag="035" ind1=" " ind2=" ">
    <subfield code="a">(ALMA)9922400553804996</subfield>
  </datafield>
  <datafield tag="040" ind1=" " ind2=" ">
    <subfield code="a">EBLCP</subfield>
    <subfield code="b">eng</subfield>
    <subfield code="c">EBLCP</subfield>
    <subfield code="d">E7B</subfield>
    <subfield code="d">Gm</subfield>
  </datafield>
  <datafield tag="041" ind1=" " ind2=" ">
    <subfield code="a">eng</subfield>
  </datafield>
  <datafield tag="050" ind1=" " ind2="4">
    <subfield code="a">NA2543.S6 .L384 2014</subfield>
  </datafield>
  <datafield tag="082" ind1="0" ind2="4">
    <subfield code="a">720.9730904 L384 2014</subfield>
  </datafield>
  <datafield tag="084" ind1=" " ind2=" ">
    <subfield code="a">Ic-qa</subfield>
    <subfield code="2">kssb/8 (machine generated)</subfield>
  </datafield>
  <datafield tag="100" ind1="1" ind2=" ">
    <subfield code="a">Lasansky, D. Medina.</subfield>
    <subfield code="4">aut</subfield>
  </datafield>
  <datafield tag="245" ind1="1" ind2="0">
    <subfield code="a">Archi.Pop</subfield>
    <subfield code="h">[Elektronisk resurs]</subfield>
    <subfield code="b">Mediating Architecture in Popular Culture.</subfield>
    <subfield code="c">Medina D. Lasansky.</subfield>
  </datafield>
  <datafield tag="264" ind1=" " ind2="1">
    <subfield code="a">London :</subfield>
    <subfield code="b">Bloomsbury Publishing,</subfield>
    <subfield code="c">2014</subfield>
  </datafield>
  <datafield tag="300" ind1=" " ind2=" ">
    <subfield code="a">249 p. 24 cm.</subfield>
  </datafield>
  <datafield tag="500" ind1=" " ind2=" ">
    <subfield code="a">Description based upon print version of record.</subfield>
  </datafield>
  <datafield tag="505" ind1="8" ind2=" ">
    <subfield code="a">Cover page; Halftitle page; Title page; Copyright page; Contents; List of Figures; List of Contributors; Introduction1 D. Medina Lasansky; Domesticating behavior; Playing; Profligate profiles; Cinematic travels; Road space; Urban critiques; Conclusion; Note; PART ONE Domesticating Behavior; Chapter 1 The Cultural Meanings of the Leave It to Beaver House Holley Wlodarczyk; Chapter 2 "Uglying Out": Shag Carpet and the Twists of Popular Taste Chad Randl; A brief history of shag carpet; Natural shag; Shag and the body; Shag's downfall (and reappearance); Notes</subfield>
  </datafield>
  <datafield tag="505" ind1="8" ind2=" ">
    <subfield code="a">Chapter 3 Vision and Crime: The Cineramic Architecture of John Lautner Jon YoderNotes; PART TWO Playing; Chapter 4 Dimensions of the Mass-Produced Dollhouse: Fisher-Price Versus Playmobil Mark S. Morris; Fisher-Price; Playmobil; All choked up; Narratives; Gender; Architectural conclusions; Chapter 5 Honey, I Shrunk the Nation-State: The Scales of Global History in the Thai Nationalist Theme Park Lawrence Chua; History and cosmology; The pleasure garden and nature; Human zoos, typology, race, and art history; Fascist spectacle and popular culture; Boundaries and border disputes</subfield>
  </datafield>
  <datafield tag="505" ind1="8" ind2=" ">
    <subfield code="a">PART THREE Profligate ProfilesChapter 6 The Palazzo Soprano Denise Costanzo; Notes; Chapter 7 Invitations to a Candy-Floss World Barbara Penner; Banham, pop culture, architecture and architects; 45 Park Lane; The Bunnies take Blighty; Pop after-life; PART FOUR Cinematic Travels; Chapter 8 A Place of No Return: Frank Lloyd Wright's Undomestic Ennis House in Film1 Merrill Schleier; Archaeology and modernity; Female: Primitive excess and the modern; House on the Haunted Hill: Perverse predator; Blade Runner: Time traveler; Conclusion; Note</subfield>
  </datafield>
  <datafield tag="505" ind1="8" ind2=" ">
    <subfield code="a">Chapter 9 Gidget and the Creature from Venus: Madness, Monsters, and Dangerous Roman Ruins in Film Sarah BensonThe crushing weight of history; Gidget goes crazy; "Fiddling with history"; "That old devil Italian moon"; Stendhal Syndrome and popular culture; Girls transfigured by Italy; Cinematic ruins; Notes; PART FIVE Road Space; Chapter 10 The World's Most Popular Architecture: The Technology and Interior of the Automobile Iain Borden; Automobile technology; Controlling devices; Communication networks; Distributed interiors</subfield>
  </datafield>
  <datafield tag="505" ind1="8" ind2=" ">
    <subfield code="a">Chapter 11 Ugly America and Architecture on the Highway: A Time-Life View of the 1950s and 1960s Gabrielle EsperdyPART SIX Urban Critiques; Chapter 12 "Life in Marvelous Times": Hip-hop, Housing, and Utopia1 Lawrence Chua; "A beautiful turbine running in the midst of human conversations": Hip-hop and the International Style; From the Ecstasy Garage to Fort Apache: Montage and the image of the city; Flipping the script: Utopian critiques of housing; Note; Bibliography; Index</subfield>
  </datafield>
  <datafield tag="520" ind1=" " ind2=" ">
    <subfield code="a">How have architecture and design been represented in popular culture? How do these fictional reflections feed back into and influence ''the real world''? Archi.Pop: Architecture and Design in Popular Culture offers the first contemporary critical overview of this diverse and intriguing relationship in cultural forms including television, cinema, iconic buildings and everyday interiors, music and magazines. Bringing the study of architecture and culture firmly to the contemporary world, Archi.Pop offers a unique critical investigation into how this dynamic relationship has shaped the way we l.</subfield>
  </datafield>
  <datafield tag="650" ind1=" " ind2="4">
    <subfield code="a">Architecture and society -- United States -- History -- 20th century.</subfield>
  </datafield>
  <datafield tag="650" ind1=" " ind2="4">
    <subfield code="a">Architecture and society -- United States -- History -- 21st century.</subfield>
  </datafield>
  <datafield tag="650" ind1=" " ind2="4">
    <subfield code="a">Design -- Social aspects -- United States -- History -- 20th century.</subfield>
  </datafield>
  <datafield tag="650" ind1=" " ind2="4">
    <subfield code="a">Design -- Social aspects -- United States -- History -- 21st century.</subfield>
  </datafield>
  <datafield tag="655" ind1=" " ind2="0">
    <subfield code="a">Electronic books.</subfield>
  </datafield>
  <datafield tag="776" ind1="0" ind2="8">
    <subfield code="i">Print version:</subfield>
    <subfield code="a">Lasansky, D. Medina</subfield>
    <subfield code="t">Archi.Pop : Mediating Architecture in Popular Culture</subfield>
    <subfield code="d">2014</subfield>
    <subfield code="z">9781472522542</subfield>
  </datafield>
  <datafield tag="856" ind1="4" ind2="0">
    <subfield code="u">https://anna-lindh.primo.exlibrisgroup.com/openurl/46LIBRIS_ALB_INST/46LIBRIS_ALB_INST:46ALB_VU1?u.ignore_date_coverage=true&amp;rft.mms_id=991001046178603631</subfield>
    <subfield code="z">EBSCOhost Ebook Academic Collection</subfield>
    <subfield code="z">Tillg&#xFFFD;nglig f&#xFFFD;r anv&#xFFFD;ndare inom F&#xFFFD;rsvarsh&#xFFFD;gskolan/Anna Lindh-biblioteket</subfield>
  </datafield>
  <datafield tag="856" ind1="4" ind2="0">
    <subfield code="u">http://sfxeu11.hosted.exlibrisgroup.com/sfxgub?url_ver=Z39.88-2004&amp;ctx_ver=Z39.88-2004&amp;ctx_enc=info:ofi/enc:UTF-8&amp;rfr_id=info:sid/sfxit.com:opac_856&amp;url_ctx_fmt=info:ofi/fmt:kev:mtx:ctx&amp;sfx.ignore_date_threshold=1&amp;rft.object_id=2670000000569096&amp;svc_val_fmt=info:ofi/fmt:kev:mtx:sch_svc&amp;</subfield>
    <subfield code="z">Tillg&#xFFFD;nglig f&#xFFFD;r G&#xFFFD;teborgs universitet / Online access for the University of Gothenburg</subfield>
    <subfield code="z">Bloomsbury Design Library:Full Text</subfield>
    <subfield code="z">Ebook Central:Full Text</subfield>
  </datafield>
  <datafield tag="856" ind1="4" ind2="0">
    <subfield code="u">https://gslg-hb.primo.exlibrisgroup.com/openurl/46GSLG_BORAS/46GSLG_BORAS:46BORAS_V1?u.ignore_date_coverage=true&amp;rft.mms_id=993615246003662</subfield>
    <subfield code="z">Tillg&#xFFFD;nglig f&#xFFFD;r anv&#xFFFD;ndare inom H&#xFFFD;gskolan i Bor&#xFFFD;s</subfield>
    <subfield code="z">fulltext</subfield>
    <subfield code="z">Bloomsbury Design Library cz</subfield>
  </datafield>
  <datafield tag="856" ind1="4" ind2="0">
    <subfield code="u">https://search.ebscohost.com/login.aspx?direct=true&amp;scope=site&amp;db=nlebk&amp;AN=853829</subfield>
    <subfield code="z">Online access for KaU</subfield>
    <subfield code="z">EBSCO eBooks</subfield>
    <subfield code="z">fulltext</subfield>
  </datafield>
  <datafield tag="856" ind1="4" ind2="0">
    <subfield code="u">https://search.ebscohost.com/login.aspx?direct=true&amp;scope=site&amp;db=e000xww&amp;AN=853829</subfield>
    <subfield code="z">Online access for KaU</subfield>
    <subfield code="z">eBook Academic Collection (EBSCOhost) - Worldwide</subfield>
    <subfield code="z">fulltext</subfield>
  </datafield>
  <datafield tag="856" ind1="4" ind2="0">
    <subfield code="u">https://proxy.lib.ltu.se/login?url=https://search.ebscohost.com/login.aspx?direct=true&amp;scope=site&amp;db=nlebk&amp;AN=853829</subfield>
    <subfield code="z">Online access for LTU</subfield>
    <subfield code="z">EBSCO eBooks</subfield>
  </datafield>
  <datafield tag="856" ind1="4" ind2="0">
    <subfield code="u">https://proxy.lib.ltu.se/login?url=https://search.ebscohost.com/login.aspx?direct=true&amp;scope=site&amp;db=e000xww&amp;AN=853829</subfield>
    <subfield code="z">Online access for LTU</subfield>
    <subfield code="z">eBook Academic Collection (EBSCOhost) - Worldwide</subfield>
  </datafield>
  <datafield tag="856" ind1="4" ind2="0">
    <subfield code="u">https://search.ebscohost.com/login.aspx?direct=true&amp;scope=site&amp;db=e000xww&amp;AN=853829</subfield>
    <subfield code="z">Tillg&#xFFFD;nglig p&#xFFFD; PRV</subfield>
    <subfield code="z">eBook Academic Collection (EBSCOhost) - Worldwide</subfield>
    <subfield code="z">fulltext</subfield>
  </datafield>
  <datafield tag="856" ind1="4" ind2="0">
    <subfield code="u">https://search.ub.umu.se/openurl/46UMEA_INST/46UMEA_INST:UmUB?u.ignore_date_coverage=true&amp;rft.mms_id=9922400553804996</subfield>
    <subfield code="z">Bloomsbury Design Library (core)</subfield>
    <subfield code="z">Online access for UMUB</subfield>
  </datafield>
  <datafield tag="887" ind1=" " ind2=" ">
    <subfield code="a">{"@id":"7rksgrjk2x81kv9","modified":"2015-06-10T13:02:06+02:00"}</subfield>
    <subfield code="2">librisxl</subfield>
  </datafield>
  <datafield tag="887" ind1=" " ind2=" ">
    <subfield code="a">{"@id":"jxd8l8gcgghfz04n","modified":"2025-11-11T15:28:06.517+01:00"}</subfield>
    <subfield code="2">librisxl</subfield>
  </datafield>
  <datafield tag="887" ind1=" " ind2=" ">
    <subfield code="a">{"@id":"7cl2wv9d10dx505","modified":"2021-07-08T08:32:49.574+02:00"}</subfield>
    <subfield code="2">librisxl</subfield>
  </datafield>
  <datafield tag="887" ind1=" " ind2=" ">
    <subfield code="a">{"@id":"bnb02wds8v3zl0k3","modified":"2024-12-19T11:33:54.369+01:00"}</subfield>
    <subfield code="2">librisxl</subfield>
  </datafield>
  <datafield tag="887" ind1=" " ind2=" ">
    <subfield code="a">{"@id":"vdc14f7ws1qmhwpg","modified":"2024-06-15T08:08:44.822+02:00"}</subfield>
    <subfield code="2">librisxl</subfield>
  </datafield>
  <datafield tag="887" ind1=" " ind2=" ">
    <subfield code="a">{"@id":"n44x06h8lgjh4kzj","modified":"2023-11-23T13:34:32.162+01:00"}</subfield>
    <subfield code="2">librisxl</subfield>
  </datafield>
  <datafield tag="887" ind1=" " ind2=" ">
    <subfield code="a">{"@id":"r6d4706vpqv8v758","modified":"2023-08-18T12:36:52.422+02:00"}</subfield>
    <subfield code="2">librisxl</subfield>
  </datafield>
  <datafield tag="887" ind1=" " ind2=" ">
    <subfield code="a">{"@id":"p8v86mb7m7vw348c","modified":"2025-10-02T11:37:12.259+02:00"}</subfield>
    <subfield code="2">librisxl</subfield>
  </datafield>
  <datafield tag="942" ind1=" " ind2=" ">
    <subfield code="2">ddc</subfield>
    <subfield code="c">BK-EN</subfield>
    <subfield code="n">0</subfield>
  </datafield>
  <datafield tag="999" ind1=" " ind2=" ">
    <subfield code="c">8581</subfield>
    <subfield code="d">8581</subfield>
  </datafield>
  <datafield tag="952" ind1=" " ind2=" ">
    <subfield code="0">0</subfield>
    <subfield code="1">0</subfield>
    <subfield code="2">ddc</subfield>
    <subfield code="4">0</subfield>
    <subfield code="7">0</subfield>
    <subfield code="a">CENTRAL</subfield>
    <subfield code="b">TUWAIQ</subfield>
    <subfield code="d">2026-03-05</subfield>
    <subfield code="l">0</subfield>
    <subfield code="o">720.9730904 L384 2014</subfield>
    <subfield code="p">1000000027023</subfield>
    <subfield code="r">2026-03-05 13:38:29</subfield>
    <subfield code="w">2026-03-05</subfield>
    <subfield code="y">BK-EN</subfield>
  </datafield>
</record>
